000 00555nam a2200229Ia 4500
003 OSt
005 20221007082426.0
006 a|||||r|||| 00| 0
007 ta
008 221006b |||||||| |||| 00| 0 eng d
024 _a1,572
037 _cReference Collections
040 _aFLL
_cFLL
_beng
041 _2eng
_aeng
082 _aXM55:Z3, L4
100 _aFord
_9507413
245 0 _aCompany law
260 _c1974
650 _aCompany law
942 _hXM55:Z3, L4
_cREF
_2CC
999 _c1166381
_d1166381